| 000 | 01366cam a2200373 a 4500 | ||
|---|---|---|---|
| 001 | 13663731 | ||
| 005 | 20110411124743.0 | ||
| 008 | 040723s2002 enk 001 0 eng | ||
| 010 | _a 2005415995 | ||
| 015 | _aGBA3-03226 | ||
| 020 | _a0406958130 | ||
| 035 | _a(OCoLC)ocm51272599 | ||
| 040 |
_aUKM _cUKM _dOCLCQ _dDLC |
||
| 042 | _alccopycat | ||
| 043 | _ae-uk--- | ||
| 050 | 0 | 0 |
_aKD3156 _b.F5 2002 |
| 082 | 0 | 4 |
_a344.410465 _221 |
| 100 | 1 |
_aFord, Michael. _9730 |
|
| 245 | 1 | 0 | _aRedgrave's health and safety. |
| 250 |
_a4th ed. / _bMichael Ford, Eric Brown. |
||
| 260 |
_aLondon ; Dayton, OH : _bButterworths, _cc2002. |
||
| 300 |
_axliii, 2014 p. ; _c26 cm. |
||
| 500 | _aPrevious ed. / John Hendy, Michael Ford. 1998. | ||
| 500 | _aIncludes index. | ||
| 650 | 0 |
_aIndustrial hygiene _xLaw and legislation _zGreat Britain. _9731 |
|
| 650 | 0 |
_aIndustrial safety _xLaw and legislation _zGreat Britain. _9732 |
|
| 700 | 1 |
_aBrown, Eric. _9733 |
|
| 700 | 1 |
_aRedgrave, Alexander, _d1818-1894. _9734 |
|
| 700 | 1 |
_aHendy, John, _cQC. _tRedgrave's health and safety. _9735 |
|
| 906 |
_a7 _bcbc _ccopycat _d2 _encip _f20 _gy-gencatlg |
||
| 942 |
_2ddc _cBK |
||
| 999 |
_c249 _d249 |
||